| 000 | 00361 a2200133 4500 | ||
|---|---|---|---|
| 001 | 91986 | ||
| 082 | _aPR 1771 | ||
| 090 |
_c43940 _d43939 |
||
| 100 | _aOmer Saeed; Prof Atif Bin Mansoor, Advisor | ||
| 245 |
_aDevelopment of a Fingerprint Identification System _n66 "B" EC |
||
| 260 |
_aRawalpindi _bNUST _c2009 |
||
| 300 | _a70p | ||
| 500 | _aBE Project Report | ||
| 942 |
_aCAE NUST _kPR 1771 |
||
| 999 |
_c327059 _d327059 |
||